000 01033nam a22002177a 4500
999 _c57050
_d57050
003 Ge_BSU
005 20191031162622.0
008 191031s2018 ge ||||| |||| 00| 0 geo d
020 _a9789941254413
041 _ageo
080 _a821.353.1-1 მ-30
100 _aმარგოშვილი, მაია.
_95195
245 _aთეთრი ღამეების კავკასიური სონატა /
_c მაია მარგოშვილი ; რედ : ტ. ხარხელაური ; მ. ხარხელაური.
264 _aთბილისი :
_bმერიდიანი,
_c2018.
300 _a176გვ.:
_bილ ;
_c20 სმ.
653 _aთეთრი ღამეების კავკასიური სონატა
653 _aლექსები
700 _aხარხელაური, ტ
_eრედაქტორი
_95196
700 _aხარხელაური, მ
_eრედაქტორი
_95197
942 _2udc
_cBK